| 000 | 00908nam a2200301 a 4500 | ||
|---|---|---|---|
| 005 | 20200104041519.0 | ||
| 008 | 140226b1996 ck ||||| |||| 00| 0 spa d | ||
| 040 |
_aCO-BoIAVH _cCO-BoIAVH |
||
| 041 | _aspa | ||
| 044 | _ack | ||
| 090 |
_aLB _b01207 |
||
| 110 |
_bProyecto Biopacífico _96924 |
||
| 245 | _aSíntesis de resultados logrados y procesos en marcha | ||
| 260 |
_aBogotá _bPBP _c1996 |
||
| 300 | _a36p. | ||
| 650 |
_aProyecto Biopacífico (Colombia) _942021 |
||
| 650 |
_aImpacto humano _93679 |
||
| 650 |
_aBiodiversidad _992204 |
||
| 650 |
_aBiogeografía _942023 |
||
| 650 |
_aGestión ambiental _992206 |
||
| 650 |
_aManejo sostenible _942025 |
||
| 650 |
_aAreas protegidas _978 |
||
| 650 |
_aEtnoeducación _98834 |
||
| 650 |
_aAreas prioritarias de conservación _942027 |
||
| 650 |
_aSistemas de producción agrarios _93532 |
||
| 662 |
_aColombia _cPacífico |
||
| 942 |
_cINFORME _2z |
||
| 999 |
_c1217 _d1217 |
||